LIBRARY & INFORMATION CENTRE, KCAET, TAVANUR

ONLINE PUBLIC ACCESS CATALOGUE (OPAC)

Introductory soil engineering / (Record no. 4763)

MARC details
000 -LEADER
fixed length control field 00374cam a2200145ua 4500
003 - CONTROL NUMBER IDENTIFIER
control field OSt
008 - FIXED-LENGTH DATA ELEMENTS--GENERAL INFORMATION
fixed length control field 250415b |||||||| |||| 00| 0 eng d
041 ## - LANGUAGE CODE
Language code of text/sound track or separate title eng
082 ## - DEWEY DECIMAL CLASSIFICATION NUMBER
Classification number 624.15136
Item number ARO/IN
100 ## - MAIN ENTRY--AUTHOR NAME
Personal name Arora, K R.
245 ## - TITLE STATEMENT
Title Introductory soil engineering /
260 ## - PUBLICATION, DISTRIBUTION, ETC. (IMPRINT)
Place of publication New Delhi :
Name of publisher Standard Publishers Distributors ,
Year of publication 1988.
300 ## - PHYSICAL DESCRIPTION
Number of Pages 630 ; .
942 ## - ADDED ENTRY ELEMENTS (KOHA)
Koha item type Books
Holdings
Withdrawn status Lost status Damaged status Home library Current library Date acquired Full call number Accession Number Koha item type
      KAUAET KAUAET 07/04/2012 624.15136 ARO/IN 19290 Books
free website counter